000
00325nam a2200133Ia 4500
008
240624s9999 xx 000 0 und d
041
_a
eng
082
_a
519.5 GUP
100
_a
GUPTA S P
245
_a
BUSINESS STATISTICS
260
_c
2004
_a
New Delhi
_b
Sultan Chand and Sons
300
_a
x, : 852 : p. : cm. ; 22
365
_c
RS
999
_c
78
_d
78